[Event "V Floripa Open 2019"]
[Site "Florianopolis"]
[Date "2019.01.22"]
[Round "3.27"]
[White "Blank Goncalves, Eduardo"]
[Black "Pereira, Silvio Cunha"]
[Result "1/2-1/2"]
[WhiteElo "2060"]
[BlackElo "2258"]
[PlyCount "65"]
[EventDate "2019.01.21"]
[EventType "swiss"]
[EventRounds "10"]
[EventCountry "BRA"]

1. d4 f5 2. Nf3 g6 3. Bf4 d6 4. e3 c6 5. c3 Nh6 6. Bc4 Bg7 7. O-O e6 8. Re1 Nf7 9. h3 Qe7 10. Bh2 Nd7 11. a4 d5 12. Bf1 e5 13. Qb3 Nd6 14. Qa3 Nf7 15. Qxe7+ Kxe7 16. Na3 Re8 17. Rad1 Kf8 18. c4 e4 19. Nd2 Nf6 20. cxd5 Nxd5 21. Nac4 Bf6 22. Nd6 Nxd6 23. Bxd6+ Be7 24. Bxe7+ Kxe7 25. Nc4 Be6 26. Rd2 Rac8 27. f3 Nb6 28. b3 Bd5 29. f4 Red8 30. a5 Na8 31. b4 Nc7 32. Ne5 a6 33. Rc1 1/2-1/2

[Event "V Floripa Open 2019"]
[Site "Florianopolis"]
[Date "2019.01.22"]
[Round "3.28"]
[White "Matsuura, Frederico"]
[Black "Urquiza, Marcello de Albuque"]
[Result "1-0"]
[WhiteElo "2248"]
[BlackElo "2025"]
[PlyCount "83"]
[EventDate "2019.01.21"]
[EventType "swiss"]
[EventRounds "10"]
[EventCountry "BRA"]

1. d4 d5 2. Nf3 Nf6 3. Bg5 Nbd7 4. e3 g6 5. c4 c6 6. Nc3 Bg7 7. Qb3 dxc4 8. Bxc4 O-O 9. O-O Nb6 10. Be2 Be6 11. Qc2 Bc4 12. Bxc4 Nxc4 13. Na4 Nd6 14. Nc5 Nd7 15. Rfd1 h6 16. Bf4 Qc8 17. Nd3 Nf6 18. Rac1 Qd8 19. Nc5 Qc8 20. Qb3 Rd8 21. Ne5 e6 22. h3 g5 23. Bh2 Nfe4 24. f3 Nxc5 25. dxc5 Nb5 26. Rxd8+ Qxd8 27. a4 Nc7 28. Rd1 Qc8 29. e4 Na6 30. Qc4 Qf8 31. Nd3 Rd8 32. Bd6 Rxd6 33. cxd6 Qxd6 34. Nf2 Qc5 35. Rd8+ Kh7 36. Qxc5 Nxc5 37. b4 Nxa4 38. Rd7 Kg6 39. Rxb7 Bd4 40. Kf1 Nb2 41. Ke2 f6 42. Ng4 1-0

[Event "V Floripa Open 2019"]
[Site "Florianopolis"]
[Date "2019.01.22"]
[Round "3.29"]
[White "Muniz, Rafael"]
[Black "Mangialardo, Tiago Carvalho"]
[Result "1-0"]
[WhiteElo "2236"]
[BlackElo "2021"]
[PlyCount "45"]
[EventDate "2019.01.21"]
[EventType "swiss"]
[EventRounds "10"]
[EventCountry "BRA"]

1. e4 e5 2. Bc4 Nf6 3. d3 d5 4. exd5 Nxd5 5. Nf3 Nc6 6. O-O Bg4 7. Re1 Be7 8. h3 Bxf3 9. Qxf3 Nd4 10. Qd1 Qd6 11. c3 Nc6 12. b4 O-O 13. a4 Rad8 14. a5 b6 15. Qf3 Bf6 16. Ba3 b5 17. Bxb5 e4 18. dxe4 Nxc3 19. Nxc3 Nd4 20. Qg4 Nxb5 21. Nxb5 Qe5 22. Nxa7 Rd6 23. b5 1-0

[Event "V Floripa Open 2019"]
[Site "Florianopolis"]
[Date "2019.01.22"]
[Round "3.30"]
[White "De Oliveira, Gustavo Alfredo Bue"]
[Black "Cruz, William Ferreira Da"]
[Result "0-1"]
[WhiteElo "2052"]
[BlackElo "2232"]
[PlyCount "35"]
[EventDate "2019.01.21"]
[EventType "swiss"]
[EventRounds "10"]
[EventCountry "BRA"]

1. d4 Nf6 2. Nf3 g6 3. g3 Bg7 4. Bg2 O-O 5. O-O d6 6. c4 Nbd7 7. Nc3 e5 8. e4 exd4 9. Nxd4 Re8 10. Rb1 a5 11. b3 Nc5 12. f3 c6 13. Re1 d5 14. cxd5 cxd5 15. Nxd5 Nxd5 16. exd5 Qxd5 17. Nc2 Qxd1 18. Rxd1 0-1

[Event "V Floripa Open 2019"]
[Site "Florianopolis"]
[Date "2019.01.22"]
[Round "3.31"]
[White "Lukachewski Junior, Wanderlei"]
[Black "Araujo, Adalberto Marcos"]
[Result "1/2-1/2"]
[WhiteElo "2046"]
[BlackElo "2213"]
[PlyCount "51"]
[EventDate "2019.01.21"]
[EventType "swiss"]
[EventRounds "10"]
[EventCountry "BRA"]

1. d4 Nf6 2. c4 g6 3. Nc3 Bg7 4. Nf3 O-O 5. g3 d6 6. Bg2 Nc6 7. O-O a6 8. d5 Na5 9. Nd2 c5 10. Qc2 Rb8 11. Rb1 b5 12. b3 e6 13. Bb2 exd5 14. Nxd5 Bf5 15. Nxf6+ Bxf6 16. Be4 Bg4 17. Bxf6 Qxf6 18. Bd5 Bf5 19. e4 Bh3 20. Rfc1 Nb7 21. Qc3 Qe7 22. Re1 b4 23. Qb2 Nd8 24. e5 Bf5 25. exd6 Qxd6 26. Ne4 1/2-1/2

[Event "V Floripa Open 2019"]
[Site "Florianopolis"]
[Date "2019.01.22"]
[Round "3.32"]
[White "Campelo, Leandro Fabricio"]
[Black "Caetano, Ryan Wesley Da Cost"]
[Result "1/2-1/2"]
[WhiteElo "2201"]
[BlackElo "2008"]
[PlyCount "57"]
[EventDate "2019.01.21"]
[EventType "swiss"]
[EventRounds "10"]
[EventCountry "BRA"]

1. e4 c5 2. Nf3 d6 3. d4 cxd4 4. Nxd4 Nf6 5. Nc3 a6 6. Rg1 h5 7. h3 h4 8. Be3 e5 9. Nb3 Be6 10. g4 hxg3 11. Rxg3 Nbd7 12. Qd3 Qc7 13. O-O-O Nb6 14. Bxb6 Qxb6 15. Nd5 Bxd5 16. exd5 O-O-O 17. Qe2 Rh4 18. Rc3+ Kb8 19. f3 Rc8 20. Rxc8+ Kxc8 21. Kb1 g6 22. c4 Nd7 23. c5 dxc5 24. Nd2 Rd4 25. Nc4 Rxd1+ 26. Qxd1 Qf6 27. a4 Nb6 28. d6 Nxc4 29. Bxc4 1/2-1/2

[Event "V Floripa Open 2019"]
[Site "Florianopolis"]
[Date "2019.01.22"]
[Round "3.34"]
[White "Barbosa, Fernando"]
[Black "Barreiros da Silva, Denison Klein"]
[Result "1-0"]
[WhiteElo "2182"]
[BlackElo "1990"]
[PlyCount "25"]
[EventDate "2019.01.21"]
[EventType "swiss"]
[EventRounds "10"]
[EventCountry "BRA"]

1. e4 c5 2. Nf3 d6 3. Nc3 Nf6 4. g3 Nc6 5. Bg2 e6 6. d3 a6 7. a4 Qc7 8. O-O Be7 9. h3 h6 10. Ne1 Bd7 11. f4 O-O-O 12. Nf3 d5 13. e5 1-0

[Event "V Floripa Open 2019"]
[Site "Florianopolis"]
[Date "2019.01.22"]
[Round "3.35"]
[White "Almeida Junior, Alvaro Alves de"]
[Black "Bueno, Alfeu Junior Varela"]
[Result "0-1"]
[WhiteElo "2039"]
[BlackElo "2179"]
[PlyCount "108"]
[EventDate "2019.01.21"]
[EventType "swiss"]
[EventRounds "10"]
[EventCountry "BRA"]

1. e4 e6 2. d4 d5 3. Nd2 Nf6 4. e5 Nfd7 5. Bd3 c5 6. c3 Nc6 7. Ne2 cxd4 8. cxd4 f6 9. exf6 Nxf6 10. Nf3 Bd6 11. O-O Qc7 12. g3 O-O 13. Bf4 e5 14. dxe5 Nxe5 15. Bxe5 Bxe5 16. Rc1 Qd6 17. Nxe5 Qxe5 18. Nf4 Qxb2 19. Nxd5 Bh3 20. Rc2 Qa3 21. Re1 Nxd5 22. Bc4 Rad8 23. Bxd5+ Kh8 24. Qh5 Qa5 25. Rce2 Rxf2 26. Kxf2 Qc5+ 27. Re3 Rf8+ 28. Qf3 Rxf3+ 29. Bxf3 b5 30. g4 h5 31. gxh5 b4 32. Kg3 Bd7 33. Re5 Qd6 34. Kf2 Qd2+ 35. R1e2 Qf4 36. Kg2 Kh7 37. Be4+ Kh6 38. Bf3 Bf5 39. Re8 Kg5 40. R8e5 Kf6 41. Re8 Kg5 42. R8e5 Kh6 43. Re8 Bh3+ 44. Kf2 Qxh2+ 45. Ke3 Qg3 46. Rf8 Qg5+ 47. Rf4 Qg1+ 48. Kd2 Qa1 49. Ke3 Kg5 50. Re4 Qg1+ 51. Kd2 Qa1 52. Ke3 Bf5 53. Rg2+ Kf6 54. Rh4 Qe1+ 0-1

[Event "V Floripa Open 2019"]
[Site "Florianopolis"]
[Date "2019.01.22"]
[Round "3.36"]
[White "Viana, Dirceu"]
[Black "Takano, Nicholas Ryo"]
[Result "1/2-1/2"]
[WhiteElo "2173"]
[BlackElo "1954"]
[PlyCount "37"]
[EventDate "2019.01.21"]
[EventType "swiss"]
[EventRounds "10"]
[EventCountry "BRA"]

1. e4 c5 2. d3 g6 3. f4 Bg7 4. Nf3 Nc6 5. Be2 d6 6. O-O e6 7. c3 Nge7 8. Be3 O-O 9. d4 cxd4 10. cxd4 a6 11. Nc3 b5 12. Qd2 Bb7 13. Bd3 e5 14. fxe5 dxe5 15. dxe5 h6 16. Rad1 Qc7 17. Qf2 Rac8 18. Rc1 b4 19. Ne2 1/2-1/2

[Event "V Floripa Open 2019"]
[Site "Florianopolis"]
[Date "2019.01.22"]
[Round "3.37"]
[White "Borges, Guilherme Deola"]
[Black "Belmonte, Adriel"]
[Result "1-0"]
[WhiteElo "2171"]
[BlackElo "1879"]
[PlyCount "45"]
[EventDate "2019.01.21"]
[EventType "swiss"]
[EventRounds "10"]
[EventCountry "BRA"]

1. d4 f5 2. c4 Nf6 3. Nc3 g6 4. Nf3 Bg7 5. g3 O-O 6. Bg2 d6 7. O-O Nc6 8. d5 Ne5 9. Nxe5 dxe5 10. Qb3 Nd7 11. Rd1 Nc5 12. Qa3 Na6 13. c5 e4 14. Be3 b6 15. b4 Qe8 16. Rac1 e5 17. dxe6 Qxe6 18. cxb6 axb6 19. b5 c5 20. bxa6 Rxa6 21. Qb3 Bxc3 22. Qxc3 Rxa2 23. Bh6 1-0

[Event "V Floripa Open 2019"]
[Site "Florianopolis"]
[Date "2019.01.22"]
[Round "3.38"]
[White "De Borba, Gabriel"]
[Black "Zampronha, Wladimir Camilo"]
[Result "1/2-1/2"]
[WhiteElo "2030"]
[BlackElo "2171"]
[PlyCount "73"]
[EventDate "2019.01.21"]
[EventType "swiss"]
[EventRounds "10"]
[EventCountry "BRA"]

1. e4 c5 2. Nf3 e6 3. d4 cxd4 4. Nxd4 Nf6 5. Nc3 d6 6. Be2 Be7 7. O-O O-O 8. Be3 Nc6 9. Nb3 a6 10. f4 Qc7 11. Kh1 b5 12. Bf3 Bb7 13. a3 Rfe8 14. Qe1 Rac8 15. Qf2 Nd7 16. Rad1 Na5 17. Nxa5 Qxa5 18. e5 Bxf3 19. Qxf3 d5 20. Bd4 Qc7 21. Qg3 Bc5 22. Bxc5 Qxc5 23. f5 exf5 24. Rxd5 Qe7 25. Rxf5 Qe6 26. Qf3 g6 27. Rd6 Qxf5 28. Qxf5 gxf5 29. Rxd7 Rxe5 30. h3 Re1+ 31. Kh2 Rc1 32. Rd2 Kg7 33. Kg3 Rc4 34. Kf3 a5 35. Nxb5 R1xc2 36. Rxc2 Rxc2 37. b3 1/2-1/2

[Event "V Floripa Open 2019"]
[Site "Florianopolis"]
[Date "2019.01.22"]
[Round "3.40"]
[White "Starke, Bruno Orlando"]
[Black "Budag, Lucas Demetrio"]
[Result "1-0"]
[WhiteElo "2170"]
[BlackElo "1741"]
[PlyCount "37"]
[EventDate "2019.01.21"]
[EventType "swiss"]
[EventRounds "10"]
[EventCountry "BRA"]

1. d4 d5 2. c4 c6 3. Nf3 Nf6 4. Nc3 e6 5. e3 b6 6. Bd3 Nbd7 7. O-O Bd6 8. e4 e5 9. exd5 cxd5 10. dxe5 Nxe5 11. Re1 Qc7 12. Nb5 Qb8 13. Nxd6+ Qxd6 14. Rxe5+ Be6 15. cxd5 Nxd5 16. Bc4 f6 17. Rxe6+ Qxe6 18. Qxd5 Qe7 19. Qxa8+ 1-0

[Event "V Floripa Open 2019"]
[Site "Florianopolis"]
[Date "2019.01.22"]
[Round "3.41"]
[White "Umetsubo, Cesar Hidemitsu"]
[Black "Vitielo, Alecio Elias"]
[Result "1-0"]
[WhiteElo "2407"]
[BlackElo "1800"]
[PlyCount "39"]
[EventDate "2019.01.21"]
[EventType "swiss"]
[EventRounds "10"]
[EventCountry "BRA"]

1. c4 Nf6 2. Nc3 e6 3. d4 d5 4. cxd5 exd5 5. Bg5 Be7 6. e3 O-O 7. Bd3 h6 8. Bh4 Re8 9. Qc2 c6 10. Nge2 Nbd7 11. f3 Nb6 12. O-O Nh5 13. Bxe7 Qxe7 14. e4 Nf6 15. e5 Nfd7 16. f4 a6 17. Ng3 Nf8 18. Qb3 Nbd7 19. Nf5 Qe6 20. Nxg7 1-0

[Event "V Floripa Open 2019"]
[Site "Florianopolis"]
[Date "2019.01.22"]
[Round "3.108"]
[White "Felix, Luiza de Oliveira"]
[Black "Peixoto, Rudson Marinho"]
[Result "0-1"]
[WhiteElo "1630"]
[BlackElo "1931"]
[PlyCount "116"]
[EventDate "2019.01.21"]
[EventType "swiss"]
[EventRounds "10"]
[EventCountry "BRA"]

1. Nf3 Nf6 2. c4 b6 3. Nc3 Bb7 4. g3 e6 5. Bg2 Be7 6. O-O O-O 7. d4 d5 8. b3 Nbd7 9. Qc2 c5 10. dxc5 bxc5 11. cxd5 exd5 12. e3 Rc8 13. Bb2 Nb6 14. Ne5 Bd6 15. Nb5 Bb8 16. Bh3 Qe7 17. Bxc8 Rxc8 18. Qf5 a6 19. Na3 Re8 20. Ng4 Ne4 21. h4 Bc8 22. Qh5 Qe6 23. f3 Nxg3 24. Qg5 d4 25. exd4 h6 26. d5 hxg5 27. dxe6 Nxf1 28. exf7+ Kxf7 29. Kxf1 Bxg4 30. fxg4 gxh4 31. Kf2 g5 32. Rf1 Re4 33. Kg2+ Bf4 34. Bc1 Nd5 35. Kf3 Re6 36. Rd1 Bxc1 37. Rxc1 Re3+ 38. Kf2 Rc3 39. Rd1 Ke6 40. Re1+ Kf6 41. Re8 Rg3 42. Rh8 Rxg4 43. Rh6+ Ke5 44. Nc4+ Kd4 45. Rxa6 Rf4+ 46. Kg2 Ne3+ 47. Nxe3 Kxe3 48. a4 c4 49. bxc4 Rxc4 50. Rg6 Kf4 51. a5 g4 52. Rf6+ Kg5 53. Rb6 Rc2+ 54. Kg1 h3 55. Rb5+ Kh4 56. a6 Ra2 57. Rb6 g3 58. Rb4+ Kg5 0-1

[Event "V Floripa Open 2019"]
[Site "Florianopolis"]
[Date "2019.01.22"]
[Round "3.109"]
[White "De Souza, Paulo H. Pinheiro"]
[Black "Barrientos, Ernesto"]
[Result "0-1"]
[WhiteElo "1619"]
[BlackElo "1925"]
[PlyCount "66"]
[EventDate "2019.01.21"]
[EventType "swiss"]
[EventRounds "10"]
[EventCountry "BRA"]

1. c4 c5 2. Nc3 b6 3. Nf3 Bb7 4. g3 Nf6 5. Bg2 g6 6. O-O Bg7 7. e3 O-O 8. d4 cxd4 9. exd4 d5 10. b3 dxc4 11. bxc4 Qc8 12. Bb2 Qxc4 13. Rc1 Qa6 14. a4 Nd5 15. Re1 Nxc3 16. Bxc3 Bc6 17. Rxe7 Bxa4 18. Qd2 Nc6 19. Re4 Rae8 20. Rce1 Rxe4 21. Rxe4 Rd8 22. Rh4 Ne7 23. Ng5 h6 24. Nxf7 Kxf7 25. Qf4+ Kg8 26. Qe4 Nf5 27. Qe6+ Kh7 28. Rg4 Rd6 29. Qf7 Qd3 30. Be4 Qd1+ 31. Kg2 Qxg4 32. f3 Qg5 33. Bxf5 Qxf5 0-1

[Event "V Floripa Open 2019"]
[Site "Florianopolis"]
[Date "2019.01.22"]
[Round "3.112"]
[White "Kikuchi Cadilhac, Mariana Sawae"]
[Black "Furmam, Fernando Gustavo"]
[Result "0-1"]
[WhiteElo "1610"]
[BlackElo "1910"]
[PlyCount "72"]
[EventDate "2019.01.21"]
[EventType "swiss"]
[EventRounds "10"]
[EventCountry "BRA"]

1. e4 c5 2. Nc3 e6 3. g3 Nc6 4. Bg2 Nf6 5. d3 Be7 6. Nge2 O-O 7. O-O d5 8. exd5 exd5 9. d4 Bg4 10. dxc5 Bxc5 11. Bg5 Nd4 12. Qd2 Nxe2+ 13. Nxe2 Bxe2 14. Qxe2 Qb6 15. Bxf6 Qxf6 16. Qb5 b6 17. Bxd5 Rad8 18. Qb3 Rfe8 19. Rad1 Kf8 20. Rd3 Re7 21. Rf3 Qg6 22. Bc4 f6 23. Rf4 Qe8 24. Bd3 h6 25. Bb5 Qf7 26. Bc4 Qe8 27. Qf3 Rd6 28. Qg4 b5 29. Bb3 Re5 30. Rf5 Qd7 31. Rf4 Qxg4 32. Rxg4 g5 33. a3 a5 34. c3 h5 35. Rd4 Bxd4 36. cxd4 Rxd4 0-1

[Event "V Floripa Open 2019"]
[Site "Florianopolis"]
[Date "2019.01.22"]
[Round "3.113"]
[White "Torres, Eduardo Lisboa"]
[Black "De Sousa, Alex Aecio"]
[Result "1-0"]
[WhiteElo "1905"]
[BlackElo "1639"]
[PlyCount "63"]
[EventDate "2019.01.21"]
[EventType "swiss"]
[EventRounds "10"]
[EventCountry "BRA"]

1. d4 Nf6 2. c4 g6 3. Nc3 d5 4. Bf4 Bg7 5. e3 O-O 6. cxd5 c6 7. dxc6 Nxc6 8. Nf3 Qa5 9. Nd2 Be6 10. Be2 Bd5 11. O-O g5 12. Bg3 e5 13. e4 Nxe4 14. Ndxe4 exd4 15. Nxd5 Qxd5 16. Bf3 Qa5 17. a3 f5 18. Qb3+ Kh8 19. Nxg5 f4 20. Nf7+ Rxf7 21. Qxf7 fxg3 22. Qxb7 gxf2+ 23. Rxf2 Rd8 24. Qxc6 d3 25. b4 Qg5 26. Re1 Bd4 27. Re8+ Kg7 28. Qc7+ Kh6 29. Re6+ Bf6 30. Qxd8 Qc1+ 31. Rf1 Qe3+ 32. Rxe3 1-0

[Event "V Floripa Open 2019"]
[Site "Florianopolis"]
[Date "2019.01.22"]
[Round "3.115"]
[White "Vieira, Jose Renato Braga S"]
[Black "Souza, Renato Canil De"]
[Result "1-0"]
[WhiteElo "1902"]
[BlackElo "1639"]
[PlyCount "41"]
[EventDate "2019.01.21"]
[EventType "swiss"]
[EventRounds "10"]
[EventCountry "BRA"]

1. e4 c5 2. Nf3 d6 3. d4 cxd4 4. Qxd4 Nc6 5. Bb5 Bd7 6. Bxc6 Bxc6 7. Nc3 Nf6 8. Bg5 e6 9. O-O-O Be7 10. Rhe1 O-O 11. Qd2 Qc7 12. Nd4 a6 13. f3 b5 14. g4 b4 15. Nce2 Rfc8 16. h4 Ba4 17. Kb1 Bb5 18. Bxf6 Bxf6 19. g5 Bxe2 20. gxf6 gxf6 21. Qh6 1-0

[Event "V Floripa Open 2019"]
[Site "Florianopolis"]
[Date "2019.01.22"]
[Round "3.116"]
[White "Pereira Fo, Hildebrando Apoloni"]
[Black "Hubner, Jessica Trindade"]
[Result "1-0"]
[WhiteElo "1595"]
[BlackElo "1899"]
[PlyCount "87"]
[EventDate "2019.01.21"]
[EventType "swiss"]
[EventRounds "10"]
[EventCountry "BRA"]

1. c4 Nf6 2. Nf3 d6 3. g3 g6 4. b3 Bg7 5. Bb2 c5 6. Bg2 Nc6 7. Nc3 Nd7 8. O-O O-O 9. Rb1 Nde5 10. d3 Nxf3+ 11. Bxf3 Bh3 12. Bg2 Bxg2 13. Kxg2 e6 14. e3 d5 15. cxd5 exd5 16. Ne2 Bxb2 17. Rxb2 Qf6 18. Qc1 Ne5 19. Rd1 Qf3+ 20. Kg1 Rac8 21. Rc2 Qf5 22. Nf4 g5 23. e4 dxe4 24. dxe4 Qxe4 25. Re2 Nf3+ 26. Kh1 Qc6 27. Nd5 Rfe8 28. Re7 Nd4 29. Qxg5+ Qg6 30. Qxg6+ hxg6 31. Rxe8+ Rxe8 32. Nf6+ Kf8 33. Nxe8 Kxe8 34. Re1+ Kd7 35. Kg2 Ne6 36. h4 b5 37. Kf3 Nd4+ 38. Ke4 a5 39. Kd5 Ne6 40. Rxe6 fxe6+ 41. Kxc5 a4 42. Kxb5 axb3 43. axb3 Kc7 44. Kc5 1-0

[Event "V Floripa Open 2019"]
[Site "Florianopolis"]
[Date "2019.01.22"]
[Round "3.117"]
[White "Parreira, Teodora Ribeiro"]
[Black "Marques, Eudes Pinto"]
[Result "0-1"]
[WhiteElo "1593"]
[BlackElo "1896"]
[PlyCount "66"]
[EventDate "2019.01.21"]
[EventType "swiss"]
[EventRounds "10"]
[EventCountry "BRA"]

1. e4 c5 2. Nf3 e6 3. d3 Nc6 4. g3 Nf6 5. Bg2 Be7 6. Nbd2 d5 7. O-O O-O 8. Re1 Qb6 9. e5 Nd7 10. Nf1 f6 11. exf6 Nxf6 12. Ng5 e5 13. Ne3 Qd8 14. Qe2 h6 15. Nf3 Nd4 16. Nxd4 exd4 17. Nxd5 Nxd5 18. Bxd5+ Qxd5 19. Qxe7 Bh3 20. Qe4 Qf7 21. Bf4 g5 22. Be5 Qxf2+ 23. Kh1 Qf3+ 24. Qxf3 Rxf3 25. Kg1 Raf8 26. Bd6 R8f5 27. Re8+ Kg7 28. Rae1 Rf2 29. Rc1 Rg2+ 30. Kh1 Rgf2 31. g4 Bxg4 32. Rg1 Bf3+ 33. Rg2 Rxg2 0-1

[Event "V Floripa Open 2019"]
[Site "Florianopolis"]
[Date "2019.01.22"]
[Round "3.118"]
[White "Caporale, Giuseppe Guido"]
[Black "De Oliveira, Guilherme Alfredo B"]
[Result "0-1"]
[WhiteElo "1592"]
[BlackElo "1893"]
[PlyCount "42"]
[EventDate "2019.01.21"]
[EventType "swiss"]
[EventRounds "10"]
[EventCountry "BRA"]

1. e4 c5 2. Nf3 e6 3. c3 d5 4. Bb5+ Nc6 5. exd5 Qxd5 6. O-O Nf6 7. d3 Bd6 8. Bg5 Bd7 9. Bh4 a6 10. Bc4 Qh5 11. Bg3 Bxg3 12. fxg3 Ng4 13. Qe2 b5 14. Bb3 Rd8 15. Nbd2 Bc8 16. Rad1 O-O 17. Bc2 b4 18. h3 Nf6 19. g4 Qd5 20. Bb1 a5 21. Qf2 Ba6 0-1

[Event "V Floripa Open 2019"]
[Site "Florianopolis"]
[Date "2019.01.22"]
[Round "3.121"]
[White "Silva Junior, Marcelo Valeriano"]
[Black "De Souza, Lucio Teixeira"]
[Result "1-0"]
[WhiteElo "1891"]
[BlackElo "1626"]
[PlyCount "85"]
[EventDate "2019.01.21"]
[EventType "swiss"]
[EventRounds "10"]
[EventCountry "BRA"]

1. e4 c5 2. Nf3 d6 3. Bb5+ Bd7 4. Bxd7+ Nxd7 5. O-O Ngf6 6. Nc3 a6 7. Re1 e6 8. d4 cxd4 9. Nxd4 Be7 10. f4 Qc7 11. Kh1 O-O 12. Re3 Rfe8 13. Rg3 Rad8 14. Qf3 b5 15. a3 Nb6 16. h4 Nc4 17. h5 Qc5 18. h6 Qh5+ 19. Qxh5 Nxh5 20. Rh3 Nf6 21. hxg7 Rc8 22. b3 Na5 23. Bb2 Nc6 24. Nce2 Nxe4 25. Rf1 Nxd4 26. Nxd4 Bf6 27. Re3 d5 28. g4 Bxg7 29. c3 Bf8 30. Kg2 Bd6 31. Rh3 Bc5 32. Ne2 Rcd8 33. Rh5 Bf8 34. Rh3 f6 35. Rfh1 Re7 36. Nd4 Rg7 37. Nxe6 Rxg4+ 38. Kf3 Rd7 39. Nxf8 Kxf8 40. Kxg4 Nf2+ 41. Kf3 Nxh1 42. Rxh1 Kg7 43. Re1 1-0

[Event "V Floripa Open 2019"]
[Site "Florianopolis"]
[Date "2019.01.22"]
[Round "3.122"]
[White "Jodorcovsky, Alejandro David"]
[Black "Souza dos Santos, Matheus Garcett"]
[Result "0-1"]
[WhiteElo "1577"]
[BlackElo "1891"]
[PlyCount "80"]
[EventDate "2019.01.21"]
[EventType "swiss"]
[EventRounds "10"]
[EventCountry "BRA"]

1. f4 c5 2. Nf3 d6 3. d3 g6 4. g3 Bg7 5. Bg2 Nc6 6. O-O e6 7. e4 Nge7 8. c3 O-O 9. h3 a6 10. a4 Rb8 11. g4 f5 12. Na3 b5 13. axb5 axb5 14. Bd2 b4 15. Nc4 Qc7 16. e5 dxe5 17. Nfxe5 Nxe5 18. Nxe5 Bb7 19. Qb3 Nd5 20. d4 bxc3 21. bxc3 Ba6 22. Qd1 Bxf1 23. Qxf1 Rb2 24. Qc1 Rfb8 25. Nd3 Rxd2 26. Qxd2 cxd4 27. Bxd5 exd5 28. Rc1 dxc3 29. Qa2 Qb6+ 30. Kg2 Qd4 31. Rd1 fxg4 32. hxg4 Qe4+ 33. Kg3 Rd8 34. Qc2 Rf8 35. Re1 Qd4 36. Qe2 Qf6 37. Qe6+ Qxe6 38. Rxe6 Rc8 39. Re1 c2 40. Rc1 Rc3 0-1

[Event "V Floripa Open 2019"]
[Site "Florianopolis"]
[Date "2019.01.22"]
[Round "3.123"]
[White "Crul, Otavio Augusto Barr"]
[Black "Da Rocha, Lucas Sampaio"]
[Result "1-0"]
[WhiteElo "1890"]
[BlackElo "1619"]
[PlyCount "85"]
[EventDate "2019.01.21"]
[EventType "swiss"]
[EventRounds "10"]
[EventCountry "BRA"]

1. e4 c6 2. d4 d5 3. e5 c5 4. c3 Nc6 5. Nf3 Bg4 6. Be2 cxd4 7. cxd4 Qb6 8. Nc3 e6 9. Bb5 Nge7 10. a4 a6 11. a5 Qa7 12. Ba4 Nf5 13. Be3 Bb4 14. O-O O-O 15. Bxc6 bxc6 16. Qa4 c5 17. dxc5 Nxe3 18. Qxb4 Nc4 19. b3 Rab8 20. Qa4 Bxf3 21. bxc4 d4 22. Nb5 Qxc5 23. gxf3 axb5 24. cxb5 Rxb5 25. a6 Qxe5 26. a7 Ra8 27. Rfb1 Rxb1+ 28. Rxb1 g6 29. Qd7 d3 30. Qb7 Rxa7 31. Qxa7 d2 32. Qa8+ Kg7 33. Qa1 Kf6 34. Qxe5+ Kxe5 35. Rd1 Kf4 36. Rxd2 Kxf3 37. Rd7 f5 38. Rxh7 Kf4 39. Kg2 g5 40. h4 gxh4 41. Rxh4+ Kg5 42. Rb4 e5 43. f3 1-0

[Event "V Floripa Open 2019"]
[Site "Florianopolis"]
[Date "2019.01.22"]
[Round "3.124"]
[White "Frankental, David"]
[Black "Wilberger, Marcelo"]
[Result "1-0"]
[WhiteElo "1886"]
[BlackElo "1617"]
[PlyCount "45"]
[EventDate "2019.01.21"]
[EventType "swiss"]
[EventRounds "10"]
[EventCountry "BRA"]

1. d4 Nf6 2. c4 g6 3. Nc3 d5 4. cxd5 Nxd5 5. e4 Nxc3 6. bxc3 Bg7 7. Bc4 c5 8. Be3 Nc6 9. Ne2 O-O 10. O-O Bg4 11. f3 Bd7 12. Rb1 Qc7 13. Bb5 Rfd8 14. d5 a6 15. Bxc6 bxc6 16. Bxc5 cxd5 17. Bb6 Qc4 18. Bxd8 Rxd8 19. Qxd5 Qxe2 20. Rfe1 Qc2 21. Rb7 e6 22. Qg5 f6 23. Qa5 1-0

[Event "V Floripa Open 2019"]
[Site "Florianopolis"]
[Date "2019.01.22"]
[Round "3.125"]
[White "Bonvini, Alberto Tonhati"]
[Black "Souza, Neurismar Da Rocha"]
[Result "1-0"]
[WhiteElo "1880"]
[BlackElo "1612"]
[PlyCount "71"]
[EventDate "2019.01.21"]
[EventType "swiss"]
[EventRounds "10"]
[EventCountry "BRA"]

1. e4 e5 2. Nf3 Nc6 3. Bb5 a6 4. Ba4 Nf6 5. O-O Bc5 6. d3 d6 7. h3 h6 8. c3 Bd7 9. Re1 O-O 10. Nbd2 b5 11. Bc2 Qc8 12. Nf1 Ba7 13. N3h2 Re8 14. Qf3 Qd8 15. Ng3 Qe7 16. Ng4 Nxg4 17. hxg4 Qh4 18. Nf5 Bxf5 19. gxf5 Ne7 20. Bb3 Rf8 21. g3 Qf6 22. Kg2 g5 23. fxg6 Qxf3+ 24. Kxf3 Kg7 25. gxf7 Rh8 26. Be3 c5 27. a4 b4 28. cxb4 cxb4 29. Rac1 Bxe3 30. Kxe3 Rac8 31. Be6 Ra8 32. f4 exf4+ 33. gxf4 Kf6 34. f5 a5 35. Rg1 h5 36. d4 1-0

[Event "V Floripa Open 2019"]
[Site "Florianopolis"]
[Date "2019.01.22"]
[Round "3.126"]
[White "Leon Lopes, Sergio Amadeus"]
[Black "Zampier, Alexandre"]
[Result "1-0"]
[WhiteElo "1879"]
[BlackElo "1610"]
[PlyCount "47"]
[EventDate "2019.01.21"]
[EventType "swiss"]
[EventRounds "10"]
[EventCountry "BRA"]

1. c4 d5 2. cxd5 Qxd5 3. Nc3 Qa5 4. d4 c6 5. e4 e5 6. Nf3 Bg4 7. Be2 Nf6 8. O-O Nbd7 9. Be3 Bb4 10. Qc2 O-O 11. a3 Bd6 12. Rfd1 exd4 13. Bxd4 Bc7 14. Nd5 Nxd5 15. exd5 Bf4 16. g3 Bh6 17. Bc3 Qc5 18. Qe4 Bh3 19. Bb4 Rfe8 20. Qh4 Qc2 21. Bd3 Qxb2 22. Qxh3 Nf6 23. Rdb1 Re1+ 24. Bxe1 1-0

[Event "V Floripa Open 2019"]
[Site "Florianopolis"]
[Date "2019.01.22"]
[Round "3.127"]
[White "Belmonte, Dulce"]
[Black "Resende, Lucas B. Massucato"]
[Result "0-1"]
[WhiteElo "1570"]
[BlackElo "1876"]
[PlyCount "104"]
[EventDate "2019.01.21"]
[EventType "swiss"]
[EventRounds "10"]
[EventCountry "BRA"]

1. d4 e6 2. c4 f5 3. g3 Nf6 4. Bg2 c6 5. Nf3 d5 6. b3 Bd6 7. Nbd2 O-O 8. O-O b6 9. Bb2 Bb7 10. Qc2 Ne4 11. Ne5 Nxd2 12. Qxd2 Nd7 13. Nd3 Qe7 14. Rae1 Nf6 15. Qc1 a5 16. Qc2 Ne4 17. Ne5 c5 18. Rc1 Rac8 19. f3 Nf6 20. Qd2 Rfd8 21. cxd5 exd5 22. e3 Bxe5 23. dxe5 Nd7 24. f4 Nf8 25. Rfd1 Ne6 26. Qf2 g5 27. Rd2 Rd7 28. Rcd1 Rcd8 29. Bf1 Bc6 30. Bg2 g4 31. Qe2 Kf7 32. Kf2 Nc7 33. Ba1 Bb5 34. Qe1 Ke6 35. Bf1 Bxf1 36. Qxf1 h5 37. Qg2 Rh8 38. Rh1 h4 39. Rdd1 Rdd8 40. Rdg1 Rdg8 41. Ke1 Qe8 42. Qf2 hxg3 43. hxg3 Qb5 44. Rh2 Qd3 45. Rgh1 Qb1+ 46. Ke2 Qxa2+ 47. Kf1 Qxa1+ 48. Kg2 Rxh2+ 49. Rxh2 Rg6 50. Rh7 Na8 51. Ra7 Rh6 52. Qf1 Rh2+ 0-1